LDR 00880naa#a2200169#i#450# 001 RU\FGKOU VO SPBU MVD ROSSII\bibl\124844 005 20260704203528.6 011 ## _a2227-7226 100 ## _a20260630b2026####ek#y0rusy0150####ca 102 ## _aRU 200 1# _aПравовое и организационное обеспечение реализации цифрового оперативного поиска _eЖурнальная статья 210 1# _aСанкт-Петербург _cСАНКТ-ПЕТЕРБУРГСКИЙ УНИВЕРСИТЕТ МИНИСТЕРСТВА ВНУТРЕННИХ ДЕЛ РОССИЙСКОЙ ФЕДЕРАЦИИ _d2026 215 ## _a6 с. 608 ## _aЖурнальная статья _2local 675 ## _aВедение следствия. Розыск. 343.102 _z 700 #1 _aЖандров _gВладимир Юрьевич 856 4# _arussianjournaldeviantbehavior.ru _u